Hra telom
| Main Author: | |
|---|---|
| Other Authors: | |
| Format: | Book |
| Language: | Slovak English |
| PhysicalDescription: | 407 strán 21 cm |
| Published: |
Bratislava
GRADA Slovakia s.r.o. - Metafora
2026
|
| ISBN: | 9788083052390 9788083052406 9788083052413 |
| Edition: | 1. vydanie |
| Subjects: |
MARC
| LEADER | 00000nam a2200000 4500 | ||
|---|---|---|---|
| 003 | SK-MaSNL | ||
| 005 | 20260515100543.0 | ||
| 008 | 260515s2026 xo d 000 f slo | ||
| 020 | |a 9788083052390 |q (brožované) | ||
| 020 | |a 9788083052406 |q (pdf) | ||
| 020 | |a 9788083052413 |q (ePub) | ||
| 038 | |a SNK | ||
| 040 | |a SNK |b slo |c SNK |e rda | ||
| 041 | 1 | |a slo |h eng | |
| 044 | |a xo |c SK | ||
| 072 | 7 | |a 821.111(73)-3 |x Americká próza |2 konspekt | |
| 080 | |a 821.111(73)-31 |2 2011 | ||
| 080 | |a (0:82-312.5) |2 2011 | ||
| 100 | 1 | |a Archer, Stephanie |4 aut |9 447701 | |
| 240 | 1 | 4 | |a The wingman |l Slovensky |
| 245 | 1 | 0 | |a Hra telom |c Stephanie Archer ; z anglického originálu The wingman ... preložila Monika Tužinská |
| 250 | |a 1. vydanie | ||
| 264 | 1 | |a Bratislava |b GRADA Slovakia s.r.o. - Metafora |c 2026 | |
| 300 | |a 407 strán |c 21 cm | ||
| 336 | |a text |b txt |2 rdacontent | ||
| 337 | |a bez média |b n |2 rdamedia | ||
| 338 | |a zväzok |b nc |2 rdacarrier | ||
| 500 | |a Na obálke: Od autorky BookTok senzácie Za bránkou | ||
| 500 | |a Údaje o sérii z externého zdroja | ||
| 655 | 7 | |a americké romány |2 SNKPH |9 1174 | |
| 655 | 7 | |a American novels |2 SNKPHeng |9 277755 | |
| 655 | 7 | |a ľúbostné romány |2 SNKPH |9 70497 | |
| 655 | 7 | |a Love novels |2 SNKPHeng |9 277756 | |
| 700 | 1 | |a Tužinská, Monika |4 trl |9 234827 | |
| 787 | 0 | 8 | |i Zo série: |t Vancouverská búrka |g 3 |
| 852 | |a Slovenská národná knižnica | ||
| 919 | |a 978-80-8305-239-0 | ||
| 954 | |a beletria cudzojazyčná (svetová) |2 lita | ||
| 958 | |a LX | ||
| 958 | |a UP | ||
| 968 | |b ENG | ||
| 999 | |c 3369701 |d 3371631 | ||
| 952 | |t 1 |a SNK |b SNK |y NEVYP |7 1 |p 17A1510423 |o snkSC 214521 |i snk2026/7220 |8 0 |g 0.00 |0 0 |1 0 |2 udc |4 0 |d 2026-05-15 |l 0 |r 2026-05-15 10:07:26 |w 2026-05-15 | ||
| 952 | |t 2 |a SNK |b SNK |y NEVYP |7 1 |p 17A1510424 |o snkSC 214521 D1 |i snk2026/7221 |8 0 |g 0.00 |0 0 |1 0 |2 udc |4 0 |d 2026-05-15 |l 0 |r 2026-05-15 10:07:00 |w 2026-05-15 | ||


